La Família i el Seu Paper en la Comunitat Educativa : 35 congrés, Malgrat de Mar, 26 i 27 d'octubre de 2002 35 congrés, Malgrat de Mar, 26 i 27 d'octubre de 2002
Publicado:
[s.l.] :
Federació d'Associacions de Mares i Pares d'Alumnes d'Ensenyament Secundari de Catalunya ,
2002
Descripción Física:
81 p. ; 21 cm
MARC
| LEADER | 00000nam a2200000Ia 4500 | ||
|---|---|---|---|
| 001 | 24402 | ||
| 003 | BGR | ||
| 005 | 20260324180616.0 | ||
| 008 | 160829s2002 xx 000 0 cat d | ||
| 080 | |a Bib-249 | ||
| 100 | |a Família i el Seu Paper en la Comunitat Educativa (35è. 2002. Malgrat de Mar) | ||
| 245 | |a La Família i el Seu Paper en la Comunitat Educativa : |b 35 congrés, Malgrat de Mar, 26 i 27 d'octubre de 2002 | ||
| 260 | |a [s.l.] : |b Federació d'Associacions de Mares i Pares d'Alumnes d'Ensenyament Secundari de Catalunya, |c 2002 | ||
| 300 | |a 81 p. ; |c 21 cm | ||
| 650 | |a Família i escola |9 49988 | ||
| 650 | |a Educació |9 25969 | ||
| 650 | 0 | |a Congressos i conferències |9 48301 | |
| 710 | 2 | |a Federació d'Associacions de Mares i Pares d'Alumnes d'Ensenyament Secundari de Catalunya |9 70943 | |
| 901 | |a Arxiu | ||
| 942 | |n 1 |2 udc |c MON | ||
| 952 | |0 0 |1 0 |4 0 |6 BIB249 |7 1 |9 55718 |a Arxiu |b Arxiu |d 2016-12-01 |l 0 |o Bib-249 |p 24402 |r 2016-12-01 00:00:00 |w 2016-12-01 |y ARXIU | ||
| 999 | |c 59591 |d 59591 | ||